| 000 | 00508nam a2200181 4500 | ||
|---|---|---|---|
| 001 | 132839 | ||
| 003 | ES-MaACL | ||
| 005 | 20231207063028.0 | ||
| 007 | t| | ||
| 008 | 070214s1967 sp r ||||1| spa d | ||
| 080 | _a86-14"19" | ||
| 100 | 1 |
_aRosales, Luis, _d1910-1992 _999644 |
|
| 245 | 1 | 3 |
_aLa casa encendida : _b(nueva versión) / _cLuis Rosales. |
| 260 |
_aMadrid : _bRevista de Occidente, _c1967. |
||
| 300 |
_a104 p. ; _c22 cm. |
||
| 852 |
_aES-MaACL _jC-32579 |
||
| 999 |
_c132839 _d132839 |
||